A.A. Borthwick diaries, (Record no. 44795)
[ view plain ]
| 000 -LEADER | |
|---|---|
| fixed length control field | 01747cpcaa2200337 a 4500 |
| 001 - CONTROL NUMBER | |
| control field | mm2009085474 |
| 003 - CONTROL NUMBER IDENTIFIER | |
| control field | DLC |
| 005 - DATE AND TIME OF LATEST TRANSACTION | |
| control field | 20260227111731.0 |
| 008 - FIXED-LENGTH DATA ELEMENTS--GENERAL INFORMATION | |
| fixed length control field | 090814|||||||||||| eng |
| 010 ## - LIBRARY OF CONGRESS CONTROL NUMBER | |
| LC control number | mm2009085474 |
| 040 ## - CATALOGING SOURCE | |
| Original cataloging agency | DLC |
| Transcribing agency | DLC |
| Description conventions | dacs |
| Modifying agency | DLC |
| 072 #7 - SUBJECT CATEGORY CODE | |
| Subject category code | W |
| Source | lcmd |
| 100 1# - MAIN ENTRY--PERSONAL NAME | |
| Personal name | Borthwick, A. A. |
| Fuller form of name | (Arthur Austin), |
| Dates associated with a name | 1836-1909. |
| 245 00 - TITLE STATEMENT | |
| Title | A.A. Borthwick diaries, |
| Inclusive dates | 1857-1865. |
| 300 ## - PHYSICAL DESCRIPTION | |
| Extent | 3 |
| Type of unit | items. |
| 506 ## - RESTRICTIONS ON ACCESS NOTE | |
| Terms governing access | Open to research. |
| 520 8# - SUMMARY, ETC. | |
| Summary, etc. | Diaries (1864 January 1-1865 December 2) kept by Borthwick during his Civil War service with the 157th New York Infantry Regiment in Florida, Georgia, and South Carolina. Subjects include army life, illnesses, casualties, and troop movements. Diaries also contain entries pertaining to civilian life in New York following the war, financial accounts, and lists of correspondence sent and received. Also includes a diary (1857 January 1-December 30) kept by Borthwick relating to personal affairs. |
| 545 0# - BIOGRAPHICAL OR HISTORICAL DATA | |
| Biographical or historical data | Union army soldier. |
| 546 ## - LANGUAGE NOTE | |
| Language note | Collection material in English. |
| 610 10 - SUBJECT ADDED ENTRY--CORPORATE NAME | |
| Corporate name or jurisdiction name as entry element | United States. |
| Subordinate unit | Army |
| General subdivision | Military life. |
| 610 10 - SUBJECT ADDED ENTRY--CORPORATE NAME | |
| Corporate name or jurisdiction name as entry element | United States. |
| Subordinate unit | Army. |
| -- | New York Infantry Regiment, 157th (1862-1865) |
| 651 #0 - SUBJECT ADDED ENTRY--GEOGRAPHIC NAME | |
| Geographic name | Florida |
| General subdivision | History |
| Chronological subdivision | Civil War, 1861-1865. |
| 651 #0 - SUBJECT ADDED ENTRY--GEOGRAPHIC NAME | |
| Geographic name | Georgia |
| General subdivision | History |
| Chronological subdivision | Civil War, 1861-1865. |
| 651 #0 - SUBJECT ADDED ENTRY--GEOGRAPHIC NAME | |
| Geographic name | New York (State) |
| General subdivision | History |
| Chronological subdivision | Civil War, 1861-1865. |
| 651 #0 - SUBJECT ADDED ENTRY--GEOGRAPHIC NAME | |
| Geographic name | New York (State) |
| General subdivision | Social life and customs. |
| 651 #0 - SUBJECT ADDED ENTRY--GEOGRAPHIC NAME | |
| Geographic name | South Carolina |
| General subdivision | History |
| Chronological subdivision | Civil War, 1861-1865. |
| 651 #0 - SUBJECT ADDED ENTRY--GEOGRAPHIC NAME | |
| Geographic name | United States |
| General subdivision | History |
| Chronological subdivision | Civil War, 1861-1865. |
| 656 #7 - INDEX TERM--OCCUPATION | |
| Occupation | Soldiers. |
| Source of term | itoamc |
No items available.